Statistics for Name 10 Hard Capitals in 21 Seconds

Click here to take the quiz!

General Stats

  • This quiz has been taken 32 times
  • The average score is 4 of 10

Answer Stats

CapitalType the Capital% Correct
OuagadougouOuagadougou
100%
YamoussoukroYamoussoukro
100%
Sri Jayawardenepura KotteSri Jayawardenepura Kotte
56%
Bandar Seri BegawanBandar Seri Begawan
33%
Kuala LumpurKuala Lumpur
33%
AntananarivoAntananarivo
22%
Port-au-PrincePort-au-Prince
11%
BloemfonteinBloemfontein
0%
NaypyidawNaypyidaw
0%
TegucigalpaTegucigalpa
0%

Score Distribution

Percentile by Number Answered

Percent of People with Each Score

Your Score History

You have not taken this quiz